1815 1960 1685 1758 1407 1359 1874 1727 1122 1375 1304 1461 1178 1854 1120 1541 1255 1983 1635 1554 1695 1250 1097 1753 1806 1801 1120 1867 1549 1118 1984 1605 1159 1179 1328 1836 1646 1592 1062 1963 1472 1979 1025 1891 1566 1243 1667 1788 1435 1621 1700 1787 1543 1088 1723 1474 1815 1786 1297 1414 1684 1412 1505 1178 1166 1705 1255 1212 1869 1403 1351 1786 1328 1006 1247 1488 1077 1283 1099 1524 1259 1132 1719 1312 1646 1179 1592 1163 1536 1546 1589 1714 1934 1249 1457 1299 1001 1230 1777 BCNSPRNW ULIB Ver.6.0+V

เปลี่ยนเป็นภาษาไทย

Change to English
 แสดงรายละเอียดบรรณานุกรม
  กลับหน้าหลัก

Brief Record : Get Marc (ISO 2709) : E-mail record : QR code < ปิดหน้าต่าง
LEADER : 00000nam 2200000uu 4500
001    13399112112
003     ULIB
008    110727s2553||||th 000 0 tha d
060 04 WA105^bพ979ร
100 0  ไพบูลย์ โล่ห์สุนทร
245 10 ระบาดวิทยา
260    กรุงเทพฯ :^bภาควิชาเวชศาสตร์ป้องกันและสังคม คณะแพทยศาสตร์จุฬาลงกรณมหาวิทยาลัย,^c2553
300    433 หน้า
650  4 ระบาดวิทยา
650  4 สาธารณสุข
945    ^p350^l0^i18416
945    ^p350^l0^i18417
945    ^p350^l0^i18418
945    ^p350^l0^i18419
945    ^p350^l0^i18420
995    กัณชพร
999 ^a ใช้งานได้ทุกระบบ
รายการนี้ยังไม่มีแท็ก
คุณยังไม่ได้ล็อกอิน คุณสามารถมีกิจกรรมร่วมกับเว็บไซต์ได้ แต่ต้องล็อกอินก่อน ::
  ล็อกอิน

รายการสื่อสารสนเทศ

ลำดับที่ ประเภท เลขเรียก/บาร์โค้ด สถานที่ สถานะ
1. วิทยาศาสตร์การแพทย์ และสุขภาพ
วิทยาศาสตร์การแพทย์ และสุขภาพ
WA105 พ979ร  
  Barcode: 18416
ห้องสมุดวิทยาเขตนครสวรรค์
►ส่วนจัดเก็บหนังสือเก่า นว.
บนชั้น
  ขอยืม
2. วิทยาศาสตร์การแพทย์ และสุขภาพ
วิทยาศาสตร์การแพทย์ และสุขภาพ
WA105 พ979ร ฉ.3 
  Barcode: 18418
ห้องสมุดวิทยาเขตนครสวรรค์
►ส่วนจัดเก็บหนังสือเก่า นว.
บนชั้น
  ขอยืม
3. วิทยาศาสตร์การแพทย์ และสุขภาพ
วิทยาศาสตร์การแพทย์ และสุขภาพ
WA105 พ979ร ฉ.4 
  Barcode: 18419
ห้องสมุดวิทยาเขตนครสวรรค์
►ส่วนจัดเก็บหนังสือเก่า นว.
บนชั้น
  ขอยืม

รายการใกล้เคียง
    ชื่อเรื่อง [ระบาดวิทยา]

    ผู้แต่ง [ไพบูลย์ โล่ห์สุนทร]

    หัวเรื่อง [ระบาดวิทยา]
    หัวเรื่อง [สาธารณสุข]

BibComment


ยังไม่เคยถูกคอมเมนท์

คอมเมนท์ทรัพยากรรายการนี้
  คอมเมนท์: ระบาดวิทยา


 Copyright 2026. Bcnsprnw @Library